000 00722nam a2200229 a 4500
001 BRCA_1951
005 20190320203619.0
008 041116s2004 mx-a---###---#000-0#spa-#
020 _a9703504752
040 _aDLC
_cDLC
050 4 _aN8080
_b.M66 2004
100 1 _aMonterrosa Prado, Mariano
_95990
245 1 0 _aRepertorio de símbolos cristianos
_cMariano Monterrosa Prado, Leticia Talavera Solórzano.
260 _aMéxico
_bINAH
_c2004
300 _a452 p.
_bil.
_c20 cm.
440 0 _aColección obra varia
_95991
504 _aBibliografía : p. 431-452
650 1 4 _aArte y símbolos cristianos
_vRepertorios
_zMéxico
_95992
700 1 _aTalavera Solórzano, Leticia
_95993
902 _aREF
942 _2lcc
_cB
999 _c1721
_d1721